[Event "Nova Gorica op-A 26th"]
[Site "Nova Gorica"]
[Date "2022.09.19"]
[Round "6"]
[White "Markocic, Tine"]
[Black "Diermair, Andreas"]
[Result "0-1"]
[WhiteElo "2034"]
[BlackElo "2468"]
[PlyCount "114"]
[EventDate "2022.09.16"]
[EventType "swiss"]
[EventRounds "9"]
[EventCountry "SLO"]
[SourceTitle "CBM 210 Extra"]
[Source "ChessBase"]
[SourceDate "2022.11.30"]
[SourceVersion "1"]
[SourceVersionDate "2022.11.30"]
[SourceQuality "1"]

1. e4 e6 2. d4 d5 3. Nc3 Nf6 4. Bg5 Bb4 5. e5 h6 6. Bd2 Bxc3 7. bxc3 Ne4 8. Qg4 Kf8 9. Nf3 c5 10. Bd3 Nxd2 11. Kxd2 c4 12. Be2 b5 13. h4 Nc6 14. a3 Bd7 15. Qf4 a5 16. g4 Rb8 17. g5 Qe7 18. g6 Kg8 19. Qxf7+ Qxf7 20. gxf7+ Kxf7 21. h5 Rhf8 22. Nh4 Kg8 23. Rh2 b4 24. axb4 axb4 25. cxb4 Nxd4 26. Ra7 Rf7 27. Bg4 c3+ 28. Kd3 Rxb4 29. Ra8+ Rf8 30. Rxf8+ Kxf8 31. Ng6+ Kf7 32. Kxc3 Rc4+ 33. Kd3 Nxc2 34. f4 Nb4+ 35. Ke3 d4+ 36. Kf3 Rc3+ 37. Ke4 Rc4 38. Kf3 Bc6+ 39. Kg3 Be4 40. Rf2 Rc3+ 41. Kh4 Rc2 42. Rf1 d3 43. f5 exf5 44. Bxf5 Bxf5 45. Rxf5+ Ke6 46. Rf8 d2 47. Rd8 Nc6 48. Rd6+ Kf5 49. e6 Rc4+ 50. Kg3 Nd4 51. e7 d1Q 52. Nh4+ Kg5 53. Rg6+ Kxh5 54. e8Q Rc3+ 55. Kh2 Qe2+ 56. Ng2 Nf3+ 57. Kh3 Ng5+ 0-1

[Event "Nova Gorica op-A 26th"]
[Site "Nova Gorica"]
[Date "2022.09.18"]
[Round "4"]
[White "Van Dael, Siem"]
[Black "Diermair, Andreas"]
[Result "1/2-1/2"]
[WhiteElo "2316"]
[BlackElo "2468"]
[PlyCount "50"]
[EventDate "2022.09.16"]
[EventType "swiss"]
[EventRounds "9"]
[EventCountry "SLO"]
[SourceTitle "CBM 210 Extra"]
[Source "ChessBase"]
[SourceDate "2022.11.30"]
[SourceVersion "1"]
[SourceVersionDate "2022.11.30"]
[SourceQuality "1"]

1. e4 e6 2. d4 d5 3. Nc3 Bb4 4. e5 c5 5. a3 Bxc3+ 6. bxc3 Qc7 7. Qg4 f6 8. Nf3 c4 9. Qg3 Qf7 10. Be2 Nc6 11. 0-0 Nge7 12. exf6 gxf6 13. Nh4 Rg8 14. Qd6 Bd7 15. Bf4 Rd8 16. Qc7 Bc8 17. Bg3 e5 18. dxe5 fxe5 19. Nf3 Rxg3 20. hxg3 Rd7 21. Nxe5 Rxc7 22. Nxf7 Kxf7 23. g4 Ne5 24. f3 N7g6 25. g3 Rc5 1/2-1/2